000
00275nam a2200109Ia 4500
008
220120s9999||||xx |||||||||||||| ||und||
100
_a
Venkatagirigowda
245
0
_a
Economic performance
260
_b
Bangalore
300
_a
520p.
_b
0
650
_a
DIGITAL DESIGN/LOGIC DESIGN
999
_c
136711
_d
136711